Random Filipino to English Words #7 - Statistics

General Stats
  • This quiz has been taken 23 times
  • The average score is 11 of 15
Answer Stats
Filipino English % Correct
Papel Paper
94%
Hapon Afternoon
88%
Bigas Rice
88%
Sulat Write
88%
Patay Dead
82%
Libre Free
82%
Hangin Wind
82%
Pababa Down
76%
Pahinga Rest
76%
Agham Science
71%
Usok Smoke
71%
Linggo Week
71%
Payaso Clown
53%
Payak Plain
41%
Malakas Loud
29%
No matching quizzes found
Score Distribution
Percent of People with Each Score
Percentile by Number Answered
Your Score History
You have not taken this quiz